| 000 | 00546nam a22001937a 4500 | ||
|---|---|---|---|
| 003 | KOHA_MİRAKIL | ||
| 005 | 20251117160845.0 | ||
| 008 | 251117b tu ||||| |||| 00| 0 tur d | ||
| 020 | _a9786058365643 | ||
| 040 |
_aTR-AnABB _btur _cTR-AnABB |
||
| 041 | _atur | ||
| 082 |
_a813.42 _bSOY 2016 |
||
| 100 | 1 | _aSoyyer, A. Yılmaz, | |
| 245 | 1 | 0 |
_aÇerağlar uyanırken / _cA. Yılmaz Soyyer |
| 260 |
_aİstanbul : _bPost Yayın Dağıtım, _c2016 |
||
| 300 |
_a248 sayfa ; _c18 cm |
||
| 650 | 0 | 4 | _aTürk edebiyatı, roman |
| 942 |
_2ddc _cBK |
||
| 999 |
_c9490 _d9490 |
||
| 900 | _bGizem YORULMAZ | ||